| 000 | 02693nam0a2200409 4500 | ||
|---|---|---|---|
| 001 | RU\NLR\BIBL_A\022267528 | ||
| 005 | 20260420011541.0 | ||
| 010 |
_a978-5-6051669-9-3 _9300 |
||
| 021 |
_aRU _bКН-П-24-029284 _9КН-П-24-2979 |
||
| 035 | _a(NLR Aleph) 022267528 | ||
| 090 |
_a13659817 _c13659817 |
||
| 100 | _a20240701d2024 k y0rusy50 ca | ||
| 101 | 0 | _arus | |
| 102 | _aRU | ||
| 105 | _ay|||z|||000yy | ||
| 181 | 0 |
_ai4 _baxxe |
|
| 182 | 0 | _an | |
| 200 | 1 |
_aПостнеклассическая наука и вызовы современности _eмонография _fИ. А. Беляев, Т. В. Борисова, Ю. В. Буртовая [и др.] _gпод редакцией доктора философских наук А. Н. Сорочайкина _gМинистерство науки и высшего образования Российской Федерации, Федеральное государственное бюджетное образовательное учреждение высшего образования "Самарский государственный технический университет" |
|
| 203 |
_aТекст _bвизуальный _cнепосредственный |
||
| 210 |
_aТольятти _cИзд-во ИССТЭ _d2024 |
||
| 215 |
_a116, [1] с. _d20 |
||
| 300 | _aВ конце кн. 1-й и 2-й авт.: Беляев И. А., Борисова Т. В., доктора филос. наук, доценты, профессора | ||
| 300 | _aАвт. указаны на обороте тит. с. | ||
| 320 | _aБиблиогр.: с. 116 (12 назв.) | ||
| 606 | 1 |
_aПознание научное _xМетодология и логика _92117738 _3RU\NLR\AUTH\661279166 |
|
| 606 | 1 |
_aНаука _xРазвитие _xФилософские вопросы _92580775 _3RU\NLR\AUTH\6601736273 |
|
| 686 | 1 | _aЮ251.09 | |
| 701 | 1 |
_7ca _8rus _aБеляев _bИ. А. _cд-р филос. наук, канд. пед. наук _gИгорь Александрович _934562 _3RU\NLR\AUTH\7751629 |
|
| 701 | 1 |
_7ca _8rus _aБорисова _bТ. В. _cд-р филос. наук _gТатьяна Вадимовна _9112651 _3RU\NLR\AUTH\772641 |
|
| 701 | 1 |
_aБуртовая _bЮ. В. _gЮлия Владимировна |
|
| 702 | 1 |
_aСорочайкин _bА. Н. _f1967- _gАндрей Никонович _4340 |
|
| 712 | 0 | 2 |
_4570 _aСамарский государственный технический университет _9311993 _3RU\NLR\AUTH\8819310 |
| 942 | _cBOOK | ||
| 980 | _aNB | ||